[Event "16th open"]
[Site "Cappelle La Grande FRA"]
[Date "2000.02.24"]
[Round "7"]
[White "Royer,S"]
[Black "Grabuzova,T"]
[Result "1-0"]
[WhiteElo "2145"]
[BlackElo "2343"]

1.c4 b6 2.Nf3 Bb7 3.g3 Bxf3 4.exf3 c5 5.d4 cxd4 6.Qxd4 Nc6 7.Qd3 g6 8.Bd2 Bg7
9.Bc3 Bxc3+ 10.Nxc3 Nf6 11.Bg2 Rc8 12.f4 Nb4 13.Qe2 O-O 14.O-O Re8 15.Rfd1 Qc7
16.a3 Nc6 17.Rac1 Na5 18.Nb5 Qb8 19.b4 Nc6 20.Bh3 Qb7 21.Qf3 Rb8 22.Bg2 a6
23.Nc3 a5 24.g4 Nd8 25.g5 Nh5 26.Qxb7 Nxb7 27.Rxd7 axb4 28.axb4 Nd6 29.Nd5 Nf5
30.c5 bxc5 31.bxc5 Kf8 32.c6 Nd4 33.Bf1 Ne6 34.c7 Ra8 35.Nb6 Nxc7 36.Rdxc7 Ra5
37.Bc4 Nxf4 38.h4 Re5  1-0

[Event "NED-chT"]
[Site "Hengelo NED"]
[Date "2000.02.27"]
[Round "4"]
[White "Van Rijn,W"]
[Black "Van der Erf,R"]
[Result "1-0"]
[WhiteElo "2276"]
[BlackElo "2251"]

1.c4 b6 2.Nc3 Bb7 3.d4 e6 4.e4 Bb4 5.Bd3 Ne7 6.Qg4 O-O 7.e5 Nf5 8.Nf3 f6
9.Bf4 Nc6 10.O-O-O Bxc3 11.bxc3 fxe5 12.dxe5 Qe7 13.Kb2 Na5 14.Bg5 Bxf3 15.gxf3 Qf7
16.h4 Kh8 17.h5 h6 18.Bc1 a6 19.Ka1 Qe7 20.Rhg1 Rf7 21.Qg6 Raf8 22.Rg4 Qc5
23.Bf4 Nc6 24.Bxf5 exf5 25.e6 dxe6 26.Be3 Qa3 27.Bd4 Nxd4 28.Rgxd4 Rf6 29.Qg3 Qxc3+
30.Kb1 f4 31.Qg4 Qb4+ 32.Ka1 c5 33.Rd8 Qc3+ 34.Kb1 Qxc4 35.R1d7 Qb5+ 36.Kc2 Qa4+
37.Kb2 Qb5+ 38.Kc1 Qf1+ 39.Kb2 Qb5+ 40.Kc2 Qc4+ 41.Kb2 Qe2+ 42.Ka3  1-0

[Event "3rd Open"]
[Site "Malaga ESP"]
[Date "2000.03.01"]
[Round "6"]
[White "Munoz Moreno,F"]
[Black "Stefanova,A"]
[Result "0-1"]
[WhiteElo "2277"]
[BlackElo "2495"]

1.c4 b6 2.d4 e6 3.e4 Bb7 4.Nc3 Bb4 5.f3 f5 6.exf5 Nh6 7.fxe6 Nf5 8.Ne2 Bd6
9.Qd3 Qh4+ 10.Kd1 dxe6 11.Ne4 O-O 12.g3 Nxg3 13.N2xg3 Bxg3 14.Be2 Bf4 15.Be3 Nc6
16.Bf2 Qh5 17.Ke1 Rad8 18.Rd1 Nxd4 19.Bxd4 e5 20.Bf2 Rxd3 21.Rxd3 Qf5 22.Ng3 Bxg3
23.Bxg3 e4 24.fxe4 Qxe4 25.Rf1 Re8 26.Rd2 Qxc4  0-1

[Event "Oz.com qualifier blitz"]
[Site "Internet ICC"]
[Date "2000.03.05"]
[Round "2"]
[White "Mikhailuk,S"]
[Black "Amigues,E"]
[Result "1-0"]
[WhiteElo "2440"]
[BlackElo "2224"]

1.c4 b6 2.Nc3 Bb7 3.e4 e5 4.Nf3 Nc6 5.d4 exd4 6.Nxd4 Bb4 7.Nf5 Qf6 8.Bd2 Nge7
9.Nd5 Nxd5 10.cxd5 Qxb2 11.Rc1 Nd4 12.Nxg7+ Kf8 13.Nh5 c6 14.Bxb4+ Qxb4+
15.Qd2 Qxd2+ 16.Kxd2 cxd5 17.Rc7 Bc6 18.exd5 Nb5 19.Bxb5 Bxb5 20.Rb1 a6 21.Rb4 Ke7
22.a4 Kd6 23.Rc3 Bf1 24.Rxb6+ Kxd5 25.Nf6+ Kd4 26.Rb4+ Ke5 27.Ng4+ Kd5 28.Ne3+ Ke5
29.Nxf1 d5 30.Rb7 f5 31.Rb6 Rhb8 32.Re3+ Kd4 33.Rd3+ Ke5 34.Rxb8 Rxb8 35.Ne3 Rb2+
36.Nc2 f4 37.Kc3 Rb7 38.Rd1 Rc7+ 39.Kd3 Rc4 40.Re1+ Kf5 41.Nd4+ Kf6 42.Re6+ Kg5
43.Rxa6 h5 44.Ra8 Rc1 45.a5 Rf1 46.Ke2 Ra1 47.a6 Kf6 48.Kf3 Ke5 49.Nc6+ Kf5
50.Rf8+ Ke6 51.a7 d4 52.Nxd4+ Kd5 53.a8=Q+  1-0

[Event "55th ch-YUG"]
[Site "Subotica YUG"]
[Date "2000.03.18"]
[Round "3"]
[White "Marjanovic,S"]
[Black "Ivanisevic,I"]
[Result "0-1"]
[WhiteElo "2524"]
[BlackElo "2460"]

1.c4 b6 2.e4 Bb7 3.Nc3 e6 4.Nf3 Bb4 5.Bd3 Ne7 6.Ne2 Ng6 7.a3 Bd6 8.Bc2 f5
9.Nc3 Nh4 10.d4 Nxf3+ 11.Qxf3 Qh4 12.g3 Qh3 13.Bf4 Nc6 14.O-O-O fxe4 15.Nxe4 O-O
16.Nxd6 cxd6 17.Qc3 Na5 18.Rhe1 Rac8 19.c5 dxc5 20.Kb1 Bd5 21.Bd6 Rf3 22.Rd3 Rxf2
23.dxc5 Nc4 24.Rxd5 exd5 25.Re7 Qf1+ 26.Ka2 Rf7 27.Qd4 Nxd6 28.Bb3 Rxe7  0-1

[Event "It"]
[Site "Tel Aviv ISR"]
[Date "2000.03.23"]
[Round "4"]
[White "Marin,M"]
[Black "Botvinnik,Il"]
[Result "1/2-1/2"]
[WhiteElo "2555"]
[BlackElo "2405"]

1.c4 b6 2.d4 e6 3.a3 Bb7 4.d5 f5 5.Nc3 Nf6 6.g3 c6 7.Bg2 cxd5 8.cxd5 Bd6
9.e4 Be5 10.Nge2 fxe4 11.Nxe4 Bxd5 12.Nxf6+ Qxf6 13.Bxd5 exd5 14.Qxd5 Nc6
15.O-O O-O-O 16.Rb1 Rhe8 17.b4 Qe6 18.Rd1 Qxd5 19.Rxd5 Bf6 20.Be3 Re5 21.Rbd1 Rxd5
22.Rxd5 Re8 23.Nf4 Re4 24.Kf1 Rc4 25.Ke2  1/2-1/2

[Event "ch-LTU"]
[Site "Vilnius LTU"]
[Date "2000.03.26"]
[Round "2"]
[White "Uogele,A"]
[Black "Bandza,A"]
[Result "1/2-1/2"]
[WhiteElo "2242"]
[BlackElo "2391"]

1.c4 b6 2.Nf3 Bb7 3.Nc3 e6 4.g3 Bxf3 5.exf3 c5 6.Bg2 Nc6 7.O-O Nge7 8.Ne2 Nf5
9.b3 Be7 10.Bb2 Bf6 11.Qb1 Bxb2 12.Qxb2 O-O 13.f4 Rc8 14.Rfe1 Nfd4 15.Bxc6 Nxe2+
16.Rxe2 dxc6 17.Qe5 Qd3 18.Rae1 Rcd8 19.Qc7 Qd7 20.Qxd7 Rxd7 21.Rc1 Rfd8
22.Rc2 g6 23.Kf1 Kg7 24.Ke1 Kf6 25.Re5 h6 26.h4 Rg8 27.Ke2 g5 28.hxg5+ hxg5
29.Rxg5 Rxg5 30.fxg5+ Kxg5 31.Rc1 Rd8 32.Rh1  1/2-1/2

[Event "ch-LTU"]
[Site "Vilnius LTU"]
[Date "2000.03.27"]
[Round "3"]
[White "Bursteinas,R"]
[Black "Ruzele,D"]
[Result "0-1"]
[WhiteElo "2368"]
[BlackElo "2525"]

1.c4 b6 2.g3 Bb7 3.Nf3 Bxf3 4.exf3 c5 5.f4 Nc6 6.Bg2 g6 7.O-O Bg7 8.d3 e6
9.Nd2 Nge7 10.Rb1 O-O 11.a3 a5 12.Nf3 a4 13.b3 axb3 14.Qxb3 Ra6 15.Bb2 Bxb2
16.Qxb2 Nf5 17.h4 h5 18.Ng5 Nfd4 19.Rfe1 Qe7 20.Ne4 Rfa8 21.Ra1 Rb8 22.Nc3 Qf6
23.Rab1 Ra5 24.Ne4 Qd8 25.Nc3 Qc7 26.Qc1 Ne7 27.Qb2 Nec6 28.Qc1 Qa7 29.Ne4 f5
30.Ng5 Rxa3 31.Bxc6 Nxc6 32.Qe3 Qc7 33.Nf3 Kh7 34.Ng5+ Kh6 35.Ra1 Rxa1 36.Rxa1 Nd4
37.Qe5 Qxe5 38.Nf7+ Kg7 39.Nxe5 Rb7 40.Kg2 Kf6 41.Rb1 Kg7 42.Ra1 d6 43.Nf3 Nxf3
44.Kxf3 Kf6 45.Rb1 Ke7 46.Rb2 Kd7 47.Ra2 Ke7 48.Rb2 d5 49.Ke3 Kd6 50.Ra2 Kc6
51.Ra8 b5 52.cxb5+ Rxb5 53.Rg8 Rb2 54.Rxg6 d4+ 55.Kf3 Kd5 56.Rh6 Rd2 57.Rxh5 Rxd3+
58.Ke2 Ra3 59.Rh8 Ke4 60.h5 d3+ 61.Kd2 Ra2+ 62.Kc3 Rc2+ 63.Kb3 Rxf2 64.Re8 Kd4
65.h6 c4+ 66.Kb4 Rb2+ 67.Ka3 Rb7  0-1

[Event "21st Open A"]
[Site "Bled SLO"]
[Date "2000.04.01"]
[Round "8"]
[White "Basagic,Z"]
[Black "Tratar,M"]
[Result "0-1"]
[WhiteElo "2338"]
[BlackElo "2439"]

1.c4 b6 2.e4 Bb7 3.d3 e6 4.Nc3 d5 5.Qb3 dxe4 6.dxe4 Nf6 7.Bg5 h6 8.Rd1 Nbd7
9.Bxf6 Qxf6 10.Nb5 Qe5 11.Nf3 Qxe4+ 12.Be2 Qc6 13.Rxd7 Qxd7 14.Ne5 Qc8 15.Bh5 g6
16.Nxg6 fxg6 17.Bxg6+ Kd8 18.O-O Qd7 19.Rd1 Bd6 20.Nd4 Rg8 21.c5 Bd5 22.Qc2 bxc5
23.Ne2 Qg7 24.Be4 Qe5  0-1

[Event "Frisco Masters"]
[Site "San Francisco USA"]
[Date "2000.04.02"]
[Round "4"]
[White "McCambridge,V"]
[Black "Pinto,Mark"]
[Result "1/2-1/2"]
[WhiteElo "2464"]
[BlackElo "2133"]

1.c4 b6 2.Nc3 e6 3.Nf3 Bb7 4.e4 Bb4 5.Bd3 Ne7 6.O-O Ng6 7.Bc2 Nc6 8.d4 Bxc3
9.bxc3 Na5 10.Qe2 O-O 11.Bg5 f6 12.Be3 Qe7 13.h4 e5 14.h5  1/2-1/2

[Event "Open"]
[Site "Dos Hermanas ESP"]
[Date "2000.04.10"]
[Round "4"]
[White "Gamundi Salamanca,A"]
[Black "Lalic,B"]
[Result "1/2-1/2"]
[WhiteElo "2450"]
[BlackElo "2548"]

1.c4 b6 2.d4 e6 3.Nf3 Bb7 4.a3 f5 5.g3 Nf6 6.Bg2 g6 7.Nc3 Bg7 8.O-O Ne4 9.Bd2 O-O
10.Rc1 c5  1/2-1/2

[Event "XVIII Open"]
[Site "Metz FRA"]
[Date "2000.04.19"]
[Round "5"]
[White "Kappler,JM"]
[Black "Timoscenko,G"]
[Result "0-1"]
[WhiteElo "2248"]
[BlackElo "2519"]

1.c4 b6 2.Nf3 Bb7 3.e3 e6 4.b3 f5 5.Bb2 Nf6 6.Be2 g6 7.Qc2 Bg7 8.d3 Qe7 9.Nc3 d6
10.O-O Nbd7 11.b4 O-O 12.Rfe1 h6 13.a4 c5 14.a5 cxb4 15.Nb5 bxa5 16.Rxa5 a6
17.Nbd4 e5 18.Nb3 e4 19.Nh4 Kh7 20.d4 d5 21.c5 Nb8 22.Ra2 Nc6 23.Na5 Nxa5
24.Rxa5 Nd7 25.g3 Nb8 26.c6 Bxc6 27.Rc5 Qb7 28.Rc1 a5 29.g4 a4 30.gxf5 gxf5
31.Rxc6 Nxc6 32.Qxc6 Qxc6 33.Rxc6 a3  0-1

[Event "New York Open"]
[Site "New York USA"]
[Date "2000.05.10"]
[Round "8"]
[White "Bauer,Ch"]
[Black "Marzolo,C"]
[Result "1-0"]
[WhiteElo "2517"]
[BlackElo "2396"]

1.c4 b6 2.Nc3 Bb7 3.d4 e6 4.a3 Nf6 5.Nf3 Be7 6.d5 O-O 7.e4 d6 8.Bd3 c5 9.O-O e5
10.g3 Ne8 11.Ne1 g6 12.Bh6 Ng7 13.f4 Nd7 14.Nf3 f6 15.f5 Rf7 16.g4 Bf8 17.Qd2 Ne8
18.Be3 g5 19.h4 h6 20.Kg2 Rh7 21.Rh1 Be7 22.Rh3 Nf8 23.Rah1 a6 24.Kg3 Qc7
25.Qh2 Bd8 26.Bc2 Qg7 27.Ba4 Bc7 28.Bc6 Rb8 29.b4 Qf7 30.hxg5 hxg5 31.Rxh7 Nxh7
32.Bxg5  1-0

[Event "Capablanca Mem Premier II"]
[Site "Varadero CUB"]
[Date "2000.05.14"]
[Round "7"]
[White "Borges Mateos,J"]
[Black "Matamoros Franco,C"]
[Result "1/2-1/2"]
[WhiteElo "2435"]
[BlackElo "2492"]

1.c4 b6 2.d4 e6 3.e4 Bb7 4.Nc3 Bb4 5.f3 Ne7 6.Ne2 f5 7.a3 Bxc3+ 8.Nxc3 fxe4
9.fxe4 O-O 10.Be3 d5 11.Bd3 dxe4 12.Bxe4 Bxe4 13.Nxe4 Nf5 14.Qd3 Qh4+ 15.Bf2 Qg4
16.O-O Nc6 17.h3 Qg6 18.Rad1 Rad8 19.d5 Nfe7  1/2-1/2

[Event "Balatontourist Open"]
[Site "Budapest HUN"]
[Date "2000.06.21"]
[Round "6"]
[White "Zhao Xue"]
[Black "Jamrich,G"]
[Result "1/2-1/2"]
[WhiteElo "2373"]
[BlackElo "2188"]

1.c4 b6 2.Nc3 Bb7 3.e4 e6 4.d4 Bb4 5.Bd3 f5 6.d5 fxe4 7.Bxe4 Nf6 8.Bf3 Bxc3+
9.bxc3 e5 10.Bh5+ g6 11.Be2 Na6 12.Qc2 Qe7 13.h4 Nc5 14.Be3 O-O-O 15.O-O-O d6
16.Nf3 Rdg8 17.Nd2 c6 18.Bxc5 dxc5 19.Ne4 Rd8 20.d6 Qe6 21.Rh3 Kb8 22.Ng5 Qe8
23.h5 Bc8 24.Re3 h6 25.Ne4 Nxh5 26.Bxh5 gxh5 27.Qe2 Qe6 28.Qxh5 Ba6 29.Qh4 Rhe8
30.Nf6 Rf8 31.Rf3 Ka8 32.Nh7 Rfe8 33.Rf6 Qxc4 34.Qxc4 Bxc4 35.Rxh6 Bxa2 36.g4 Rg8
37.g5 Bd5 38.Re1 e4 39.Rf6 Rg7 40.g6 Rgd7 41.c4 Bxc4 42.Rxe4 Bd3 43.Ree6 Bxg6
44.Nf8 Bf7 45.Re7 Rxd6 46.Rxd6 Rxd6 47.Rxf7 a5 48.Nd7 Kb7 49.Nxc5+ Kc8 50.Ne4 Rd4
51.f3 a4 52.Kc2 b5 53.Kc3 c5 54.Rf5 b4+ 55.Kb2 c4 56.Rb5 c3+ 57.Kc2 Kc7 58.Nxc3  1/2-1/2

[Event "World Open"]
[Site "Philadelphia USA"]
[Date "2000.07.02"]
[Round "5"]
[White "Figler,I"]
[Black "Delaune,R"]
[Result "1-0"]
[WhiteElo "2401"]
[BlackElo "2386"]

1.c4 b6 2.Nc3 e6 3.d4 Bb7 4.a3 f5 5.d5 Nf6 6.g3 g6 7.Bg2 Bg7 8.Nh3 O-O 9.Rb1 a5
10.O-O Na6 11.Qc2 exd5 12.cxd5 Nc5 13.Be3 Kh8 14.Bxc5 bxc5 15.Rfd1 Qc8 16.Nb5 d6
17.b4 axb4 18.axb4 Ne4 19.bxc5 Nxc5 20.Nf4 Re8 21.Nd4 Re7 22.h4 Ba6 23.Nde6 Nxe6
24.dxe6 Ra7 25.Bd5 Be5 26.Qd2 Bb7 27.h5 g5 28.Bxb7 Rxb7 29.Rxb7 Qxb7 30.Nd5 Rxe6
31.Qxg5 Qb3 32.Rd3 Qb1+ 33.Kg2 Qb8 34.Qxf5 Re8 35.Nf6 Re7 36.f4 Ba1 37.e4 Qf8
38.e5 dxe5 39.h6 exf4 40.Ne4 Qe8 41.Ng5 Qc6+ 42.Rd5 Kg8 43.gxf4 Bf6 44.Kh3 Re3+
45.Kh4 Kf8 46.Kg4 Re1 47.Nxh7+ Ke7 48.Nxf6 Rg1+ 49.Kh5  1-0

[Event "World Open"]
[Site "Philadelphia USA"]
[Date "2000.07.02"]
[Round "5"]
[White "Beckman,T"]
[Black "Pixton,A"]
[Result "0-1"]
[WhiteElo "2141"]
[BlackElo "2181"]

1.c4 b6 2.d4 e6 3.e4 Bb7 4.Bd3 f5 5.exf5 Bb4+ 6.Kf1 Nf6 7.Bg5 O-O 8.c5 bxc5
9.a3 c4 10.Bxc4 Ba5 11.fxe6 Kh8 12.Nc3 dxe6 13.Bxe6 Qe8 14.d5 Ba6+ 15.Nge2 Bxc3
16.bxc3 Ne4 17.Bh6 Bxe2+ 18.Qxe2 Rxf2+ 19.Qxf2 Nxf2 20.Kxf2 gxh6 21.Rhf1 Na6
22.Rae1 Qe7 23.Bf5 Qc5+ 24.Re3 Re8  0-1

[Event "FSIMA July"]
[Site "Budapest HUN"]
[Date "2000.07.05"]
[Round "5"]
[White "Zhao Xue"]
[Black "Lindgren,F"]
[Result "1-0"]
[WhiteElo "2373"]
[BlackElo "2177"]

1.c4 b6 2.b3 Bb7 3.Bb2 e6 4.e3 f5 5.Nf3 Nf6 6.Be2 Be7 7.O-O O-O 8.d4 Ne4
9.Ne5 Bf6 10.f3 Ng5 11.Nd3 d6 12.Nc3 Nd7 13.Nf4 Qe7 14.Nh5 g6 15.Nxf6+ Nxf6
16.Qd2 Nh5 17.d5 Nf6 18.e4 f4 19.dxe6 Nxe6 20.Nd5 Nxd5 21.cxd5 Nc5 22.Qc3 Kf7
23.b4 Nd7 24.Qxc7 Ne5 25.Rac1 Rac8 26.Qxe7+ Kxe7 27.Bxe5 dxe5 28.g3 g5 29.Kf2 Rxc1
30.Rxc1 Rc8 31.Rxc8 Bxc8 32.Bb5 Kd6 33.Ke2 h6 34.Kd2 Kc7 35.gxf4 gxf4 36.Be8 Kd6
37.Ke2 Ke7 38.Bh5 Bd7 39.Kf2 Kd6 40.Kg2 Ke7 41.Bg4 Be8 42.Kh3 Kd6 43.Kh4 Ke7
44.a3 Kd6 45.Bh5 Bb5 46.Bg6 Be2 47.Kg4 Bb5 48.Kf5 Bd7+ 49.Kf6 Bg4 50.fxg4 f3
51.g5 f2 52.Bf5 f1=Q 53.g6 Qf4 54.g7 Qg5+ 55.Kf7 Qe7+ 56.Kg6 Qg5+ 57.Kh7 Qe7
58.Be6 h5 59.Kg6 Qh4 60.g8=Q Qxe4+ 61.Kh6 Qf4+ 62.Kh7  1-0

[Event "ch-NOR"]
[Site "Asker NOR"]
[Date "2000.07.08"]
[Round "1"]
[White "Johannessen,LE"]
[Black "Leer Salvesen,B"]
[Result "1/2-1/2"]
[WhiteElo "2431"]
[BlackElo "2262"]

1.c4 b6 2.Nf3 Bb7 3.g3 Bxf3 4.exf3 c5 5.d4 cxd4 6.Qxd4 Nc6 7.Qd2 e6 8.Nc3 Qf6
9.Qd1 Bb4 10.Bd2 Qe5+ 11.Be2 Nd4 12.Kf1 Nxe2 13.Qxe2 Qxe2+ 14.Kxe2 Nf6 15.Ne4 Bxd2
16.Nxf6+ gxf6 17.Kxd2 Ke7 18.Rac1 Rac8 19.Rc3 Rc7 20.Rhc1 Rhc8 21.Kd3 f5
22.g4 Kf6 23.h3 h5 24.Rg1 Rg8 25.Rcc1 Rcc8 26.Ke3 hxg4 27.hxg4 fxg4 28.fxg4 Rh8
29.Rgd1 Rh3+ 30.f3 Ke7 31.b3 Rc5 32.Rd2 d5 33.Rdc2 d4+ 34.Ke4 f5+ 35.gxf5 Rxf5
36.Kxd4 Rhxf3 37.Re2 Kd6 38.Re3 Rf2 39.Rce1 Rf6 40.R1e2 Rxe2 41.Rxe2 Rf4+
42.Kd3 Rh4 43.Rg2 Rh3+  1/2-1/2

[Event "10th Open"]
[Site "Jyvaskyla FIN"]
[Date "2000.07.19"]
[Round "2"]
[White "Nippula,T"]
[Black "Bagirov,V"]
[Result "0-1"]
[WhiteElo "2213"]
[BlackElo "2482"]

1.c4 b6 2.Nc3 Bb7 3.e4 e6 4.d4 Bb4 5.f3 f5 6.e5 Nc6 7.Be3 d6 8.Qa4 Ne7 9.O-O-O Bxc3
10.bxc3 O-O 11.Nh3 Qe8 12.Nf4 Ng6 13.Nxg6 Qxg6 14.Bf4 dxe5 15.dxe5 Rad8 16.h4 Rxd1+
17.Qxd1 Rd8 18.Qa4 h6 19.h5 Qf7 20.c5 Na5 21.Be2 Bc6 22.Qb4 Nb7 23.Be3 Rd5
24.cxb6 axb6 25.f4 Ra5 26.Bc4 Bxg2 27.Rg1 Bd5 28.Rg6 Qd7 29.Bf2 Nc5 30.Be3 Ra4
31.Bb5 c6 32.Qxc5 bxc5 33.Bxa4 Bxa2 34.Bc2 Qd5 35.Rg1 Qf3 36.Bxc5 Qxc3  0-1

[Event "Open"]
[Site "Bergen NOR"]
[Date "2000.07.23"]
[Round "3"]
[White "Haag,M"]
[Black "Borchgrevink,H"]
[Result "1/2-1/2"]
[WhiteElo "2316"]
[BlackElo "2175"]

1.c4 b6 2.g3 Bb7 3.Nf3 Bxf3 4.exf3 c5 5.d4 cxd4 6.Qxd4 Nc6 7.Qd1 g6 8.Bg2 Bg7
9.O-O Nf6 10.Nc3 O-O 11.Rb1 Rc8 12.f4 Ne8 13.Nd5 Nc7 14.b3 Nxd5 15.Qxd5 Nd4
16.Bb2 Ne2+ 17.Kh1 Nc3 18.Bxc3 Bxc3 19.f5 Bf6 20.Rbd1 d6 21.Be4 Rc5 22.Qd3 Qc8
23.g4 Rd8 24.Rfe1 g5 25.Bd5 Kg7 26.Re3 Be5 27.f4 gxf4 28.Rh3 Rh8 29.g5 b5
30.f6+ exf6 31.gxf6+ Kxf6 32.Rxh7 Rf8 33.Qf3 bxc4 34.bxc4 Qf5 35.Rh6+ Ke7
36.Re1 Rg8 37.Be4 Qg5 38.Rh7 Rg7 39.Rxg7 Qxg7 40.Bd5 Qh6 41.Qa3 Qh5 42.Bf3 Qh3
43.Qxa7+ Kf6 44.Qb7 Rc8 45.Bd5 Rf8 46.Qb3 Qh4 47.Rf1 Rh8 48.Qc2 Rb8 49.Qf2 Qh7
50.Qg2 Rb2 51.Rf2 Qb1+ 52.Qf1 Qxa2 53.Rxf4+ Bxf4 54.Qxf4+ Kg6 55.Qg4+ Kf6  1/2-1/2

[Event "Politiken Cup"]
[Site "Copenhagen DEN"]
[Date "2000.07.23"]
[Round "7"]
[White "Lund,E"]
[Black "Skytte,R"]
[Result "1/2-1/2"]
[WhiteElo "2261"]
[BlackElo "2323"]

1.c4 b6 2.d4 Bb7 3.d5 f5 4.Nc3 e6 5.a3 Be7 6.g3 Bf6 7.Bd2 c6 8.Bg2 cxd5 9.cxd5 Ne7
10.e4 O-O 11.Nge2 fxe4 12.Bxe4 Nxd5 13.Nxd5 exd5 14.Qb3 Kh8 15.Bxd5 Bxd5
16.Qxd5 Nc6 17.Bc3 Qe7 18.Bxf6 Rxf6 19.Rd1 Re8 20.Rd2 Re6 21.Qd3 Ne5 22.Qd5 Ng4
23.Qf3 Ne5 24.Qd5 Ng4 25.Qf3 Ne5 26.Qd5  1/2-1/2

[Event "12th Open"]
[Site "Porto POR"]
[Date "2000.07.25"]
[Round "4"]
[White "Hauchard,A"]
[Black "Rocha,S"]
[Result "1/2-1/2"]
[WhiteElo "2539"]
[BlackElo "2374"]

1.c4 b6 2.Nc3 e6 3.e4 c5 4.Nge2 Bb7 5.g3 Nf6 6.Bg2 a6 7.d3 Qc7 8.O-O Be7
9.h3 h5 10.f4 d6 11.Be3 Nbd7 12.Rc1 Rc8 13.a3 Qb8 14.b4 Qa8 15.Rb1 Bc6 16.b5 axb5
17.Nxb5 h4 18.g4 d5 19.e5 Nxg4 20.hxg4 h3 21.Bf3 d4 22.Nexd4 cxd4 23.Nxd4 Bxf3
24.Qxf3 Qxa3 25.Nb5 Qa2 26.Ra1 Qc2 27.Rfc1 Qb2 28.Rab1 Qa2 29.Ra1 Qb2 30.Rab1 Qa2
31.Nc3 Qa3 32.Ra1 Qb2  1/2-1/2

[Event "Glorney and Faber Cup"]
[Site "Dublin IRL"]
[Date "2000.07.26"]
[Round "4"]
[White "Plantet,S"]
[Black "Frost,N"]
[Result "1-0"]
[WhiteElo "2328"]
[BlackElo "2164"]

1.c4 b6 2.Nc3 Bb7 3.Nf3 e6 4.g3 Bxf3 5.exf3 c5 6.d4 cxd4 7.Qxd4 Nc6 8.Qd2 Nf6
9.Bg2 Bb4 10.a3 Be7 11.b3 O-O 12.O-O Na5 13.Rb1 Rc8 14.Rd1 a6 15.Qd3 Qc7
16.Bf4 Qa7 17.a4 Rfd8 18.Bh3 Nc6 19.Ne4 d5 20.cxd5 Nb4 21.Nxf6+ Bxf6 22.Qd2 Nxd5
23.Rbc1 h6 24.Rxc8 Rxc8 25.Be3 Qb7 26.Bd4 Bxd4 27.Qxd4 Qc6 28.Qe4 Qc2 29.Qxc2 Rxc2
30.Bf1 Rc3 31.Bxa6 Rxb3 32.f4 Rb4 33.Bb5 Nc3 34.Rd8+ Kh7 35.Be8 Nxa4 36.Bxf7 Nc5
37.Rd6 Rb2 38.Bxe6 Nxe6 39.Rxe6 b5 40.f5 b4 41.g4 b3 42.Rb6 Rb1+ 43.Kg2 b2
44.Rb8 h5 45.g5 Rc1 46.g6+ Kh6 47.f4 Rc2+ 48.Kh3  1-0

[Event "Open"]
[Site "Bergen NOR"]
[Date "2000.07.29"]
[Round "9"]
[White "Hanley,C"]
[Black "Borchgrevink,H"]
[Result "1-0"]
[WhiteElo "2294"]
[BlackElo "2175"]

1.c4 b6 2.Nc3 Bb7 3.e4 c5 4.g3 e6 5.Bg2 Be7 6.Nge2 d6 7.O-O a6 8.d4 cxd4
9.Qxd4 Nf6 10.Be3 Nbd7 11.h3 Qc7 12.b3 O-O 13.Rac1 Rac8 14.Rfd1 Nc5 15.f3 Qb8
16.Qd2 Rfe8 17.g4 Ncd7 18.g5 Nh5 19.f4 Nf8 20.Bf3 g6 21.Bxh5 gxh5 22.Ng3 h4
23.Nh5 Qa8 24.Qb2 e5 25.Nd5 Bxd5 26.Rxd5 Ne6 27.fxe5 Red8 28.exd6 Rxd6 29.Rxd6 Bxd6
30.Nf6+ Kf8 31.Nd5 Kg8 32.Rf1 Qc6 33.Nf6+ Kf8 34.Nxh7+ Ke8 35.Nf6+ Kd8 36.Nd5 Rc7
37.Qh8+ Nf8 38.Bxb6 Bc5+ 39.Kg2 Kc8 40.Bxc7 Qg6 41.Qe5 Nd7 42.Qf5  1-0

[Event "TCh-ESP"]
[Site "Barcelona ESP"]
[Date "2000.08.09"]
[Round "5"]
[White "Lezcano Jaen,P"]
[Black "Gonzalez Velez,F"]
[Result "0-1"]
[WhiteElo "2405"]
[BlackElo "2375"]

1.c4 b6 2.Nc3 Bb7 3.e4 e6 4.Nge2 c5 5.g3 a6 6.Bg2 Qc7 7.O-O Nf6 8.d3 Be7
9.h3 Nc6 10.f4 h5 11.Be3 d6 12.a3 Rd8 13.Rb1 Nb8 14.f5 e5 15.b4 Nbd7 16.Bf3 cxb4
17.axb4 Rb8 18.Qd2 Qd8 19.Kg2 b5 20.Nd5 Nxd5 21.cxd5 Nf6 22.Rfc1 g6 23.fxg6 fxg6
24.Ng1 O-O 25.Be2 Nh7 26.Nf3 Rf7 27.d4 exd4 28.Nxd4 Qd7 29.Ne6 Nf8 30.Rc7 Qe8
31.Bd3 Nxe6 32.dxe6 Rf6 33.Ba7 Rxe6 34.Qa2 d5 35.Bxb8 Qxb8 36.Rbc1 Bd8 37.exd5 Be7
38.Qc2 Bxd5+  0-1

[Event "MSO Ron Banwell mem"]
[Site "London ENG"]
[Date "2000.08.20"]
[Round "1"]
[White "McNab,C"]
[Black "Richards,H"]
[Result "1/2-1/2"]
[WhiteElo "2416"]
[BlackElo "2109"]

1.c4 b6 2.b3 Bb7 3.Bb2 e6 4.Nf3 c5 5.d3 f5 6.Nbd2 Nf6 7.h3 Be7 8.g4 Nc6 9.Rg1 Rg8
10.e3 d5 11.gxf5 exf5 12.cxd5 Nxd5 13.d4 Bf6 14.Ne5 g6 15.e4 fxe4 16.Nxe4 cxd4
17.Nxc6 Bxc6 18.Nxf6+ Qxf6 19.Qxd4 Qxd4 20.Bxd4 O-O-O 21.O-O-O Nb4 22.a3 Nd5
23.h4 Nf4 24.Ba6+ Bb7 25.Bc4 Bd5 26.Bxd5 Rxd5 27.Be3 Rf5 28.Rd2 Rd8 29.Rgd1 Rxd2
30.Rxd2 Nd5 31.Bg5 Kd7 32.Rd3 Ke6 33.f3 Kf7 34.Kd2 Kg7 35.Ke1 h6 36.Bd2 Rh5
37.Rd4 Kf7 38.Kf2 Ke6 39.Kg3 Ne7 40.Re4+ Kf7 41.Be1 Rd5 42.Kf2 Nf5 43.Ra4 a5
44.Rc4  1/2-1/2

[Event "Open"]
[Site "Polanica Zdroj POL"]
[Date "2000.08.20"]
[Round "4"]
[White "Gratka,K"]
[Black "Kengis,E"]
[Result "0-1"]
[WhiteElo "2328"]
[BlackElo "2589"]

1.c4 b6 2.Nc3 Bb7 3.e4 e6 4.d3 Ne7 5.Be2 g6 6.h4 h5 7.Bg5 Bg7 8.Nf3 d6 9.d4 Nd7
10.Qd2 Nf6 11.d5 e5 12.Nh2 c6 13.dxc6 Nxc6 14.Nf3 Qd7 15.Qd1 Rd8 16.O-O O-O
17.Qc2 Rc8 18.Bxf6 Bxf6 19.Nd5 Bg7 20.b3 Rfe8 21.Qd2 Nd4 22.Nxd4 exd4 23.Bf3 Bxd5
24.exd5 b5 25.cxb5 Qxb5 26.Rfe1 Rc3 27.Rxe8+ Qxe8 28.Re1 Qd8 29.Re4 Qc8 30.Re1 Bf6
31.Re2 Kg7 32.Kf1 d3 33.Re1 Qc5 34.Bd1 Bxh4 35.a3 Bf6 36.b4 Qxd5  0-1

[Event "MSO Ron Banwell mem"]
[Site "London ENG"]
[Date "2000.08.22"]
[Round "3"]
[White "Williams,S"]
[Black "Hodgson,Ju"]
[Result "0-1"]
[WhiteElo "2353"]
[BlackElo "2640"]

1.c4 b6 2.Nc3 Bb7 3.e4 e6 4.Bd3 Bb4 5.Nge2 Ne7 6.Bc2 f5 7.O-O O-O 8.d4 Bxc3
9.Nxc3 f4 10.Qg4 Ng6 11.Ne2 e5 12.dxe5 f3 13.gxf3 Nxe5 14.Qg3 Nxf3+ 15.Kh1 Nc6
16.Bf4 Ncd4 17.Nxd4 Nxd4 18.Be5 Nf5 19.Qg4 Qe7 20.Bc3 Qh4 21.Qg2 Rf7 22.Rae1 Qh6
23.Qg4 Nh4 24.f3 Raf8 25.Bd1 Bc6 26.Rg1 Ng6 27.b4 Qc1 28.Bd4 Qxc4 29.Bb2 Qxa2
30.Rg2 Qc4 31.Qg3 Qxb4 32.h4 Rxf3  0-1

[Event "ch-ESP"]
[Site "Barcelona ESP"]
[Date "2000.08.24"]
[Round "6"]
[White "Martinez Rodriguez,P"]
[Black "Izeta,F"]
[Result "0-1"]
[WhiteElo "2265"]
[BlackElo "2456"]

1.c4 b6 2.Nf3 Bb7 3.g3 g6 4.Bg2 Bg7 5.O-O e6 6.Nc3 Ne7 7.d3 d6 8.Bd2 Nd7
9.Qc1 h6 10.Ne1 Bxg2 11.Nxg2 Nf5 12.Ne3 Nd4 13.Nc2 Nxc2 14.Qxc2 O-O 15.b4 c6
16.Rac1 Ne5 17.Qb3 Qd7 18.a4 c5 19.bxc5 bxc5 20.Rb1 Rfc8 21.Qb7 Qd8 22.Qa6 Nc6
23.Na2 d5 24.cxd5 exd5 25.Rb7 Nd4 26.Rxa7 Nxe2+ 27.Kg2 c4 28.Rb1 c3 29.Bc1 Bd4
30.Rxa8 Rxa8 31.Qc6 Rc8 32.Qb7 Kg7 33.Rb5 Qf6 34.f3 Rd8 35.Rxd5 Qe6 36.Rxd8 Qxa2
37.Kh3 Ng1+  0-1

[Event "Summer Festival Open"]
[Site "Lisbon POR"]
[Date "2000.08.24"]
[Round "4"]
[White "Wohl,A"]
[Black "Komljenovic,D"]
[Result "1/2-1/2"]
[WhiteElo "2461"]
[BlackElo "2514"]

1.c4 b6 2.b3 Bb7 3.Bb2 e6 4.Nf3 Nf6 5.g3 Bxf3 6.exf3 c5 7.Bg2 Nc6 8.f4 g6
9.Na3 Bg7 10.Nc2 O-O 11.d4 cxd4 12.Nxd4 Nxd4 13.Bxd4 d5 14.O-O Rc8 15.cxd5 Nxd5
16.Bxg7 Kxg7 17.Bxd5 Qxd5 18.Qe2  1/2-1/2

[Event "5th Paks Cup IM"]
[Site "Paks HUN"]
[Date "2000.08.26"]
[Round "8"]
[White "Bogdan,D"]
[Black "Breder,D"]
[Result "1/2-1/2"]
[WhiteElo "2331"]
[BlackElo "2336"]

1.c4 b6 2.d3 Bb7 3.Nd2 g6 4.Ngf3 c5 5.g3 Bg7 6.Bg2 d6 7.Rb1 Nc6 8.O-O e6
9.a3 Nge7 10.b4 Qd7 11.bxc5 bxc5 12.Ne4 Nd8 13.Bg5 Bxe4 14.dxe4 f6 15.Be3 e5
16.Ne1 Ndc6 17.Bd2 O-O 18.e3 Nc8 19.Nd3 Nb6 20.Qc2 Rab8 21.Rfd1 Qe6 22.Nb2 Rf7
23.Bf1 Rfb7 24.Be1 Bf8 25.Na4 Nxa4 26.Rxb7 Rxb7 27.Qxa4 Rb6 28.Bc3 Be7 29.Qc2 Bd8
30.Bb2 Bc7 31.h4 Qc8 32.Bc1 Kf7 33.Kg2 Qb7 34.Be2 Na5 35.h5 Nb3 36.hxg6+ hxg6
37.Rh1 Kg7 38.Bb2 Nd2 39.Qa4 Qc6 40.Qxc6 Rxc6 41.f3 Rb6 42.Bc3 Nb1 43.Ba5 Rb2
44.Rxb1 Rxb1 45.Bxc7 Ra1 46.Bxd6 Rxa3 47.Bxc5 Ra2 48.Kf2 a5 49.f4 a4 50.Kf3 a3
51.Bb4 Ra1 52.fxe5 fxe5 53.Bc3 Rc1 54.Bxe5+ Kf7 55.Bd4 a2 56.e5 a1=Q 57.Bxa1 Rxa1
58.Ke4 Rg1 59.g4 Re1 60.Bf3 Ke6 61.Kd4 Ke7 62.c5 Rf1 63.Bb7 Rd1+ 64.Ke4 Ke6
65.c6 Rc1 66.Kf4 Rc4+ 67.e4 Kf7 68.Kg5 Rc5 69.Kh6 Rc2 70.Kg5 Rc5 71.Kf4 Rc3
72.e6+ Kxe6 73.Bc8+ Kd6 74.Bd7 Rc4 75.Be8 g5+ 76.Kf5 Rc5+ 77.Kf6 Re5 78.Bg6 Re6+
79.Kxg5 Kxc6 80.Bf5 Re8 81.Kf6 Kd6 82.Kf7 Ra8 83.g5 Ke5 84.Kg7 Ra7+  1/2-1/2

[Event "TCh-SVK"]
[Site "SVK"]
[Date "2000.10.21"]
[Round "1"]
[White "Sergeev,Vl"]
[Black "Pal,P"]
[Result "0-1"]
[WhiteElo "2475"]
[BlackElo "2254"]

1.c4 b6 2.Nc3 Nf6 3.Nf3 Bb7 4.e3 g6 5.d4 Bg7 6.Bd3 d6 7.O-O Nbd7 8.e4 e5
9.d5 a5 10.Bg5 h6 11.Bh4 O-O 12.Re1 Qe8 13.Bc2 Nh5 14.Nb5 Rc8 15.Qb1 Ba6
16.a3 Bxb5 17.cxb5 f6 18.b4 axb4 19.axb4 Rf7 20.Nd2 Kh8 21.Ra3 Nf4 22.f3 f5
23.Nc4 fxe4 24.fxe4 g5 25.Bg3 Nf6 26.Ne3 h5 27.Nf5 h4 28.Bf2 Ng4 29.Be3 Nh6
30.Nxh6 Bxh6 31.Bd1 Qd7 32.Bxf4 Rxf4 33.Qd3 Rcf8 34.h3 Qf7 35.Ra2 Rf2 36.Rc2 g4
37.hxg4 Rxc2 38.Qxc2 Be3+ 39.Kh1 Qf4 40.Qd3 Bd4 41.Be2 Qg3 42.Rd1 Be3 43.Bf1 Qf2
44.Be2 h3 45.gxh3 Qg3  0-1